Southville International School and Colleges
Your cart is empty.
  • Cart
  • Lists
    Public lists Eva Luna New books Lux_list list_1
    Your lists Log in to create your own lists
  • Log in to your account
  • Your cookies
  • Search history
Southville International School and Colleges
  • Advanced search
  • Recent comments
  • Most popular
  • Libraries

Log in to your account

Log in with GOOGLE


If you do not have an external account, but do have a local account, you can still log in:

  1. Home
  2. MARC view: Wish fish.
Normal view MARC view ISBD view

Wish fish. (Record no. 106391)

[ view plain ]
MARC details
000 -LEADER
fixed length control field 00422nam a2200169 a 4500
005 - DATE AND TIME OF LATEST TRANSACTION
control field 20140412111432.0
008 - FIXED-LENGTH DATA ELEMENTS--GENERAL INFORMATION
fixed length control field 131010s19uu xx 00 eng d
020 ## - INTERNATIONAL STANDARD BOOK NUMBER
International Standard Book Number 978910704650
050 ## - LIBRARY OF CONGRESS CALL NUMBER
Classification number TRE
Item number Wi757 20_ _?
100 ## - MAIN ENTRY--PERSONAL NAME
Personal name Hay , Sam
245 ## - TITLE STATEMENT
Title Wish fish.
260 ## - PUBLICATION, DISTRIBUTION, ETC. (IMPRINT)
Place of publication, distribution, etc New York :
Name of publisher, distributor, etc Scholastic, Inc,
Date of publication, distribution, etc 20_ _?.
300 ## - PHYSICAL DESCRIPTION
Extent p24
440 ## - SERIES STATEMENT/ADDED ENTRY--TITLE
Title I love reading phonics
650 ## - SUBJECT ADDED ENTRY--TOPICAL TERM
Topical term or geographic name as entry element Fish-
General subdivision fiction
Holdings
Withdrawn status Lost status Damaged status Use restrictions Home library Current library Shelving location Date acquired Source of acquisition Total Checkouts Full call number Barcode Date last seen Price effective from Koha item type
        Elizalde Library Elizalde Library Teachers Reference Section 10/10/2013     TRE Wi757 20_ _? E11659 04/12/2014 04/12/2014 Books

Wish fish.

APA

Hay, . (20). Wish fish. New York: Scholastic, Inc.

Chicago

Hay, . 20. Wish fish. New York: Scholastic, Inc.

Harvard

Hay, . (20). Wish fish. New York: Scholastic, Inc.

MLA

Hay, . Wish fish. New York: Scholastic, Inc. 20.

  • Place hold
  • Print
  • Cite
  • Add to your cart (remove)
  • Save record
    BIBTEX Dublin Core MARCXML MARC (non-Unicode/MARC-8) MARC (Unicode/UTF-8) MARC (Unicode/UTF-8, Standard) MODS (XML) RIS
  • More searches
    Search for this title in:
    Other Libraries (WorldCat) Other Databases (Google Scholar) Online Stores (Bookfinder.com) Open Library (openlibrary.org)

Exporting to Dublin Core...

SOUTHVILLE LIBRARY

Southville International School and Colleges Library

1281 Tropical Ave. Cor. Luxembourg St., BF Homes International, Las Pinas City

Tel. No. 8256374 / 252358 Loc. 117/146

Powered by Koha